[Event "BCF-chT4 2223 (4NCL)"]
[Site "England"]
[Date "2023.02.05"]
[Round "6.96"]
[White "Gaffney, Samuel"]
[Black "Altoft, Harry"]
[Result "1/2-1/2"]
[WhiteElo "1833"]
[BlackElo "1479"]
[PlyCount "81"]
[EventDate "2022.11.05"]
[EventType "team-swiss"]
[EventRounds "11"]
[EventCountry "ENG"]
[SourceTitle "EXT 2024"]
[Source "ChessBase"]
[SourceDate "2023.10.10"]
[SourceVersion "1"]
[SourceVersionDate "2023.10.10"]
[SourceQuality "1"]
[WhiteTeam "Iceni II"]
[BlackTeam "Average Wood Pushers II"]
[WhiteTeamCountry "ENG"]
[BlackTeamCountry "ENG"]

1. d4 d5 2. c4 c6 3. Nf3 Nf6 4. Nc3 dxc4 5. a4 Bg4 6. Ne5 Bh5 7. g3 e6 8. Bg2 Bb4 9. Nxc4 Nd5 10. Qd3 Nd7 11. 0-0 0-0 12. e4 N5b6 13. Ne3 Ne5 14. Qd2 Nf3+ 15. Bxf3 Bxf3 16. Qd3 Qd7 17. Nc2 Bxc3 18. bxc3 Bh5 19. a5 Nc8 20. Ba3 Rd8 21. e5 Ne7 22. Ne3 Nd5 23. Nc4 Bg6 24. Qd2 f6 25. f4 Rac8 26. Nd6 Rc7 27. c4 Ne7 28. Bc5 Ra8 29. Qb4 Nc8 30. Nxc8 Rcxc8 31. Bd6 Bd3 32. Rf3 Bg6 33. Rb3 b5 34. axb6 axb6 35. Rba3 Rxa3 36. Rxa3 Qb7 37. Rb3 b5 38. Ra3 Ra8 39. Kf2 Rxa3 40. Qxa3 bxc4 41. Bb4 1/2-1/2